000 00643nam a2200229Ia 4500
003 OSt
005 20220925203042.0
006 a|||||r|||| 00| 0
007 ta
008 220923b |||||||| |||| 00| 0 eng d
037 _cGeneral Book
040 _aRTL
_cRTL
_beng
041 _2eng
_aeng
082 _aX:97.2.N7, L6
100 _aDavar Rustom S
_9242298
245 0 _aPersonnel management and industrial relations in I
260 _aDelhi
_bVikas India
_c1976
300 _axvi, 369p.
_ccm.
650 _aIndustrial Relation
942 _hX:97.2.N7, L6
_cGB
_2CC
999 _c545061
_d545061